[Event "Bad Woerishofen op"]
[Site "?"]
[Date "2003.??.??"]
[Round "9"]
[White "Koehne, Arno"]
[Black "Steffl, Herbert"]
[Result "1/2-1/2"]
[WhiteElo "2030"]
[BlackElo "1639"]
[Annotator "ChessOrg"]
[PlyCount "42"]

1. d4 d5 2. c4 e5 3. dxe5 d4 4. Nf3 Nc6 5. g3 Bg4 6. Nbd2 Nge7 7. Bg2 Ng6 8. h3
Be6 9. b3 Ngxe5 10. Nxe5 Nxe5 11. Bxb7 Rb8 12. Bg2 Qd7 13. a3 Be7 14. Ne4 O-O
15. Bf4 Ng6 16. Bc1 Rfd8 17. h4 h6 18. O-O f5 19. Nd2 Bf6 20. Ra2 c5 21. Qc2 d3
1/2-1/2

[Event "Bad Woerishofen op"]
[Site "?"]
[Date "2003.??.??"]
[Round "9"]
[White "Rothenhagen, Siegfried"]
[Black "Huhn, Ulrich"]
[Result "0-1"]
[WhiteElo "1620"]
[BlackElo "1980"]
[Annotator "ChessOrg"]
[PlyCount "120"]

1. d4 d5 2. Nf3 Nf6 3. e3 Bg4 4. Be2 e6 5. O-O Nbd7 6. Nbd2 Bd6 7. h3 Bh5 8. b3
O-O 9. Bb2 Re8 10. Ne5 Bxe2 11. Qxe2 Ne4 12. Nxe4 dxe4 13. Rad1 c6 14. Qg4 f5
15. Qe2 Rf8 16. f4 Nf6 17. c4 a5 18. c5 Bxe5 19. dxe5 Nd5 20. a3 Qe7 21. Rc1
Qh4 22. Bd4 Kh8 23. Qf2 Qxf2+ 24. Kxf2 Rfd8 25. Rg1 Nxf4 26. exf4 Rxd4 27. Rc2
Rad8 28. Re1 Rd2+ 29. Re2 Rxe2+ 30. Kxe2 Kg8 31. Rc3 Rd4 32. g4 g6 33. g5 Kf7
34. h4 Kg7 35. Rg3 h5 36. Rc3 Kf7 37. Rg3 Ke7 38. Rc3 Kd7 39. Rg3 Kc7 40. Rc3
Kb8 41. a4 Rd5 42. Ke1 Kc7 43. Ke2 b6 44. cxb6+ Kxb6 45. Rc2 Rd3 46. Rc4 c5 47.
Rc2 Kc6 48. Rc1 Rxb3 49. Rd1 Rd3 50. Rb1 c4 51. Rb8 c3 52. Rc8+ Kb6 53. Rb8+
Kc5 54. Rb5+ Kc4 55. Rxa5 c2 56. Ra8 Kb4 57. Rb8+ Kxa4 58. Rc8 Kb3 59. Rb8+ Ka2
60. Ra8+ Kb2 0-1

[Event "Bad Woerishofen op"]
[Site "?"]
[Date "2003.??.??"]
[Round "9"]
[White "Dierich, Jochen"]
[Black "Guenther, Thomas"]
[Result "1/2-1/2"]
[WhiteElo "1876"]
[BlackElo "2090"]
[Annotator "ChessOrg"]
[PlyCount "92"]

1. e4 c5 2. Nf3 Nc6 3. d3 d6 4. g3 g6 5. Bg2 Bg7 6. O-O e6 7. h4 Nge7 8. h5 Qc7
9. Nc3 a6 10. Be3 Nd4 11. h6 Nxf3+ 12. Bxf3 Bd4 13. Bc1 O-O 14. Ne2 Bh8 15. g4
Nc6 16. Ng3 b5 17. Bg2 e5 18. c3 Be6 19. Be3 b4 20. f3 bxc3 21. bxc3 Qa5 22.
Qd2 Rab8 23. Bh3 Rb7 24. Nf5 d5 25. exd5 Bxd5 26. Ng7 Bxg7 27. hxg7 Rfb8 28.
Qe1 Rb2 29. c4 Qxe1 30. Raxe1 Be6 31. Bxc5 Rxa2 32. Ra1 Rxa1 33. Rxa1 a5 34.
Bg2 Nb4 35. Bf1 Rd8 36. Rxa5 Nxd3 37. Be7 Re8 38. Bxd3 Rxe7 39. Rxe5 Rc7 40.
Re4 Kxg7 41. Rd4 Kf6 42. Kf2 Rc5 43. Ke3 h5 44. gxh5 Rxh5 45. Be2 Ra5 46. Rd2
Ke7 1/2-1/2

[Event "Bad Woerishofen op"]
[Site "?"]
[Date "2003.??.??"]
[Round "9"]
[White "Santner, Thomas"]
[Black "Muench, Werner"]
[Result "0-1"]
[WhiteElo "1969"]
[BlackElo "1608"]
[Annotator "ChessOrg"]
[PlyCount "34"]

1. e4 c6 2. c4 d5 3. exd5 cxd5 4. cxd5 Nf6 5. Bb5+ Bd7 6. Bc4 Qc7 7. d3 b5 8.
Bb3 Na6 9. d4 Nb4 10. Nc3 Qd6 11. Qf3 Bg4 12. Qg3 Qxg3 13. hxg3 Nd3+ 14. Kf1 b4
15. Nb5 Kd8 16. a3 a6 17. axb4 Nxc1 0-1

[Event "Bad Woerishofen op"]
[Site "?"]
[Date "2003.??.??"]
[Round "9"]
[White "Steiger, Walfried"]
[Black "Zillich, Raimar"]
[Result "1/2-1/2"]
[WhiteElo "1960"]
[BlackElo "1637"]
[Annotator "ChessOrg"]
[PlyCount "48"]

1. d4 Nf6 2. c4 e6 3. Nc3 Bb4 4. e3 c5 5. Nge2 cxd4 6. exd4 O-O 7. a3 Be7 8.
Ng3 d5 9. Bd3 dxc4 10. Bxc4 Bd7 11. O-O Bc6 12. Re1 Nbd7 13. d5 exd5 14. Nxd5
Nxd5 15. Bxd5 Nb8 16. Nf5 Bf6 17. Nd6 Bxd5 18. Qxd5 Nc6 19. Bf4 Bxb2 20. Rad1
Bxa3 21. Qb3 Bxd6 22. Bxd6 Re8 23. Qxb7 Qb6 24. Rxe8+ Rxe8 1/2-1/2

[Event "Bad Woerishofen op"]
[Site "?"]
[Date "2003.??.??"]
[Round "9"]
[White "Holscher, Peter"]
[Black "Flueckiger, Joerg"]
[Result "1-0"]
[WhiteElo "2090"]
[BlackElo "2000"]
[Annotator "ChessOrg"]
[PlyCount "151"]

1. d4 Nf6 2. c4 e6 3. Nf3 b6 4. g3 Bb7 5. Bg2 Bb4+ 6. Bd2 Be7 7. O-O O-O 8. Bc3
Ne4 9. Qc2 d5 10. Nbd2 Nxc3 11. bxc3 Nd7 12. Rfe1 dxc4 13. Ng5 Bxg5 14. Bxb7
Rb8 15. Bc6 Bxd2 16. Qxd2 b5 17. a4 Nc5 18. Qf4 Nb3 19. Ra2 b4 20. cxb4 Qxd4
21. b5 Qxf4 22. gxf4 Rfd8 23. Rc2 Na5 24. Bf3 Rb6 25. e3 a6 26. bxa6 Rxa6 27.
Be2 Ra7 28. Bxc4 Nxc4 29. Rxc4 Kf8 30. Rec1 Ke8 31. Rxc7 Rxa4 32. Rb7 Rd7 33.
Rc8+ Ke7 34. Rxd7+ Kxd7 35. Rh8 Ke7 36. Rxh7 Kf6 37. Kg2 Ra8 38. Rh5 Kg6 39.
Rg5+ Kf6 40. e4 g6 41. Kg3 Ra4 42. f3 Ra3 43. h4 Ra1 44. Kh2 Ra2+ 45. Rg2 Ra5
46. Kh3 Ra3 47. Kg4 Rb3 48. Rg3 Ra3 49. e5+ Ke7 50. Kg5 Ra8 51. Rg1 Ra3 52. Kg4
Rb3 53. Rg3 Rb8 54. Rh3 Rb1 55. Kg5 Rb4 56. h5 gxh5 57. Rxh5 Rb1 58. f5 Rg1+
59. Kf4 exf5 60. Kxf5 Rg6 61. Rh8 Ra6 62. Rg8 Rb6 63. f4 Ra6 64. Kg5 Ra5 65.
Rb8 Rc5 66. Rb7+ Kf8 67. f5 Rxe5 68. Kf6 Re8 69. Rxf7+ Kg8 70. Rg7+ Kf8 71. Ra7
Rb8 72. Kg6 Kg8 73. f6 Rf8 74. Rg7+ Kh8 75. Rh7+ Kg8 76. f7+ 1-0

[Event "Bad Woerishofen op"]
[Site "?"]
[Date "2003.??.??"]
[Round "9"]
[White "Duckstein, Torsten"]
[Black "Mueller, Wolfgang"]
[Result "1/2-1/2"]
[WhiteElo "1843"]
[BlackElo "1574"]
[Annotator "ChessOrg"]
[PlyCount "72"]

1. d4 Nf6 2. Nf3 e6 3. c4 b6 4. a3 Bb7 5. Nc3 Be7 6. Bg5 h6 7. Bxf6 Bxf6 8. e4
d6 9. Be2 Nd7 10. O-O O-O 11. Qc2 Be7 12. Rad1 a5 13. Rfe1 Qc8 14. Bf1 Nf6 15.
h3 Kh8 16. Qd2 Nh7 17. Bd3 Ng5 18. Nxg5 Bxg5 19. f4 Bh4 20. Rf1 f5 21. Qe2 Qe8
22. Qf3 a4 23. g3 Bf6 24. Qf2 Ra5 25. Kh2 fxe4 26. Bxe4 Bxe4 27. Nxe4 Be7 28.
Qe2 Raf5 29. Rde1 Qg6 30. Nc3 e5 31. dxe5 dxe5 32. Nd5 Bd6 33. Qe4 exf4 34.
Nxf4 Bxf4 35. Rxf4 Qh5 36. Rxf5 Qxf5 1/2-1/2

[Event "Bad Woerishofen op"]
[Site "?"]
[Date "2003.??.??"]
[Round "9"]
[White "Taufratshofer, Martin"]
[Black "Koenig, Christian"]
[Result "1/2-1/2"]
[WhiteElo "2074"]
[BlackElo "2139"]
[Annotator "ChessOrg"]
[PlyCount "32"]

1. Nf3 b6 2. g3 Bb7 3. Bg2 c5 4. c4 Nf6 5. Nc3 g6 6. O-O Bg7 7. d4 cxd4 8. Qxd4
O-O 9. Qd3 Na6 10. e3 Qc8 11. Bd2 Nc5 12. Qe2 Nce4 13. Rac1 Nxd2 14. Nxd2 Bxg2
15. Kxg2 Qb7+ 16. Qf3 Qxf3+ 1/2-1/2

[Event "Bad Woerishofen op"]
[Site "?"]
[Date "2003.??.??"]
[Round "9"]
[White "Kluger, Norbert"]
[Black "Vu Van, Anh"]
[Result "1/2-1/2"]
[WhiteElo "2198"]
[BlackElo "1700"]
[Annotator "ChessOrg"]
[PlyCount "35"]

1. e4 g6 2. d4 Bg7 3. Nf3 d6 4. Bc4 Bg4 5. Be3 Nf6 6. Nc3 O-O 7. h3 Bxf3 8.
Qxf3 Nbd7 9. O-O b6 10. Rad1 Qc8 11. Rfe1 c5 12. Qe2 cxd4 13. Bxd4 Nc5 14. Nd5
Re8 15. f3 Nxd5 16. Bxd5 Rb8 17. Bxg7 Kxg7 18. a3 1/2-1/2

[Event "Bad Woerishofen op"]
[Site "?"]
[Date "2003.??.??"]
[Round "9"]
[White "Wegemund, Hubert"]
[Black "Klein, Reinhard"]
[Result "1-0"]
[WhiteElo "1790"]
[BlackElo "1643"]
[Annotator "ChessOrg"]
[PlyCount "49"]

1. e4 c5 2. Nf3 a6 3. d4 cxd4 4. Nxd4 Nf6 5. Nc3 e5 6. Nde2 Bb4 7. a3 Ba5 8. b4
Bb6 9. Bg5 h6 10. Bh4 g5 11. Bg3 d6 12. h4 g4 13. h5 Qc7 14. Qd3 O-O 15. Rd1
Ne8 16. Nd5 Qd8 17. Bh4 f6 18. Nxb6 Qxb6 19. Qc4+ Kg7 20. Qxc8 f5 21. Ng3 Nc7
22. Nxf5+ Kg8 23. Nxh6+ Kg7 24. Qxg4+ Kh8 25. Bf6+ 1-0

[Event "Bad Woerishofen op"]
[Site "?"]
[Date "2003.??.??"]
[Round "9"]
[White "Klett, Thomas"]
[Black "Schoebel, Klaus"]
[Result "1-0"]
[WhiteElo "1766"]
[BlackElo "1598"]
[Annotator "ChessOrg"]
[PlyCount "55"]

1. c4 e6 2. Nc3 d5 3. d4 Nf6 4. Nf3 Be7 5. e3 O-O 6. Bd3 dxc4 7. Bxc4 c6 8. O-O
Bd6 9. e4 Ne8 10. e5 Be7 11. Re1 b5 12. Bd3 f5 13. a3 Nd7 14. h4 Bxh4 15. Nxh4
Qxh4 16. Bc2 f4 17. Be4 Nc7 18. Bxc6 Rb8 19. Qf3 Rb6 20. Be4 g6 21. Bd2 Rf7 22.
Kf1 Ba6 23. b4 Bc8 24. Ke2 Nb8 25. Rh1 Qe7 26. Rac1 Nd5 27. Nxd5 exd5 28. Rxc8+
1-0

[Event "Bad Woerishofen op"]
[Site "?"]
[Date "2003.??.??"]
[Round "9"]
[White "Heinrich, Olaf"]
[Black "Dahmen, Juergen"]
[Result "1-0"]
[WhiteElo "1751"]
[BlackElo "1560"]
[Annotator "ChessOrg"]
[PlyCount "97"]

1. Nf3 c5 2. e4 e6 3. d3 d6 4. g3 Nd7 5. Bg2 Be7 6. O-O Ngf6 7. c4 Qc7 8. Nc3
a6 9. b3 b6 10. Bb2 Bb7 11. Nd2 O-O 12. f4 Rad8 13. Rc1 Nb8 14. Qe2 Rfe8 15. f5
e5 16. g4 h6 17. h3 Nc6 18. Nf3 Nh7 19. Nd5 Qb8 20. Nxb6 Ng5 21. Nd5 Nxf3+ 22.
Qxf3 Bg5 23. Rcd1 Nd4 24. Qf2 Bxd5 25. exd5 a5 26. h4 Bf4 27. Bc1 Bxc1 28. Rxc1
Qb4 29. Be4 Rb8 30. f6 Qb7 31. g5 Qd7 32. Qg2 h5 33. fxg7 Qg4 34. Qxg4 hxg4 35.
Rb1 Kxg7 36. Kg2 Rf8 37. Rf6 Rbd8 38. Rb2 Rd7 39. Rbf2 Rh8 40. Kg3 Kg8 41. Kxg4
Kg7 42. g6 Rf8 43. Kg5 Ra7 44. h5 Rd7 45. h6+ Kg8 46. h7+ Kg7 47. Rxf7+ Rdxf7
48. Rxf7+ Rxf7 49. gxf7 1-0

[Event "Bad Woerishofen op"]
[Site "?"]
[Date "2003.??.??"]
[Round "9"]
[White "Natterer, Winfried"]
[Black "Schweitzer, Paul"]
[Result "1/2-1/2"]
[WhiteElo "1493"]
[BlackElo "1743"]
[Annotator "ChessOrg"]
[PlyCount "45"]

1. e4 c5 2. Nf3 e6 3. d4 cxd4 4. Nxd4 a6 5. Nc3 Bc5 6. f4 Nc6 7. Nb3 Ba7 8. Bd2
d6 9. Qf3 Nge7 10. O-O-O O-O 11. g4 b5 12. a3 Qc7 13. Na2 Bb7 14. Kb1 Rac8 15.
Bd3 f5 16. gxf5 exf5 17. Rhg1 Bxg1 18. Rxg1 Ng6 19. exf5 Nce5 20. Qg3 Nxd3 21.
Qxd3 Nh4 22. Nd4 Qc4 23. Rxg7+ 1/2-1/2

[Event "Bad Woerishofen op"]
[Site "?"]
[Date "2003.??.??"]
[Round "9"]
[White "Reichenbacher, Gerhard"]
[Black "Feicht, Roland"]
[Result "1-0"]
[WhiteElo "1742"]
[BlackElo "1516"]
[Annotator "ChessOrg"]
[PlyCount "47"]

1. e4 g6 2. c4 Bg7 3. d4 d6 4. Nc3 Nc6 5. Be3 Nf6 6. h3 O-O 7. Nf3 e5 8. d5 Ne7
9. c5 Nd7 10. cxd6 cxd6 11. Rc1 a6 12. a4 f5 13. Ng5 Nf6 14. Qb3 b5 15. axb5 f4
16. Bd2 h6 17. Nf3 Qb6 18. Na4 Qb7 19. b6 Ne8 20. Bd3 Bd7 21. Nc5 dxc5 22. d6+
Kh7 23. dxe7 Rf7 24. Qxf7 1-0

[Event "Bad Woerishofen op"]
[Site "?"]
[Date "2003.??.??"]
[Round "9"]
[White "Regatschnig, Horst"]
[Black "Nepple, Rolf"]
[Result "1-0"]
[WhiteElo "1740"]
[BlackElo "1570"]
[Annotator "ChessOrg"]
[PlyCount "77"]

1. d4 d5 2. Nf3 Nf6 3. Bg5 e6 4. e3 Nbd7 5. Nbd2 Be7 6. Bd3 O-O 7. O-O c5 8. c3
c4 9. Bc2 b5 10. e4 Bb7 11. e5 Ne8 12. Bxe7 Qxe7 13. Re1 f5 14. exf6 Rxf6 15.
Ne5 Nxe5 16. Rxe5 Nc7 17. Qe2 Qf7 18. Nf3 h6 19. Re1 Rf8 20. Rf1 Bc6 21. Re3
Be8 22. Ne5 Qe7 23. Bb1 Kh8 24. Rg3 g5 25. Qc2 Qg7 26. h4 Rf5 27. hxg5 Rxg5 28.
Rxg5 hxg5 29. Re1 Rf6 30. Re3 Rh6 31. Rg3 Kg8 32. f4 Qh8 33. Rxg5+ Kf8 34. Kf2
Rh1 35. Ng6+ Bxg6 36. Qxg6 Qh4+ 37. Rg3 Qxf4+ 38. Rf3 Qxf3+ 39. Kxf3 1-0

[Event "Bad Woerishofen op"]
[Site "?"]
[Date "2003.??.??"]
[Round "9"]
[White "Schenfeld, Waldemar"]
[Black "Bretscher, Robert"]
[Result "1-0"]
[WhiteElo "1462"]
[BlackElo "1635"]
[Annotator "ChessOrg"]
[PlyCount "97"]

1. e4 e5 2. Nf3 Nc6 3. Bb5 a6 4. Ba4 Nf6 5. Bxc6 dxc6 6. Nxe5 Qd4 7. Nf3 Qxe4+
8. Qe2 Qxe2+ 9. Kxe2 Bc5 10. d4 Bd6 11. h3 O-O 12. Re1 Be6 13. Kf1 Rfe8 14. Bg5
Bc4+ 15. Kg1 Rxe1+ 16. Nxe1 Ne4 17. Be3 f5 18. Nd2 Nxd2 19. Bxd2 Re8 20. b3 Bf7
21. c4 b6 22. Nf3 h6 23. Kf1 g5 24. Re1 Rxe1+ 25. Kxe1 Kg7 26. Bc3 Kf8 27. Nd2
Ke7 28. b4 Ke6 29. a4 Kd7 30. Ke2 Bg6 31. c5 Be7 32. Nc4 Bh5+ 33. f3 Bd8 34.
Ne5+ Ke6 35. Nxc6 Bf6 36. Nb8 bxc5 37. bxc5 Kd5 38. Nxa6 Bxd4 39. Bxd4 Kxd4 40.
Kd2 Be8 41. a5 h5 42. Nxc7 Bc6 43. Ne6+ Kc4 44. Nxg5 Kxc5 45. Ke3 Kd5 46. Kf4
Bd7 47. Nh7 Kd4 48. Nf6 Bc8 49. Nxh5 1-0

[Event "Bad Woerishofen op"]
[Site "?"]
[Date "2003.??.??"]
[Round "9"]
[White "Hegel, Pius"]
[Black "Haeuser, Marco"]
[Result "0-1"]
[WhiteElo "1619"]
[BlackElo "1398"]
[Annotator "ChessOrg"]
[PlyCount "80"]

1. Nf3 e6 2. b3 b6 3. Bb2 Bb7 4. e3 Nf6 5. c4 c5 6. Nc3 Be7 7. d4 d6 8. Bd3
Nbd7 9. Bc2 cxd4 10. exd4 d5 11. a3 Rc8 12. Qe2 dxc4 13. bxc4 Bxf3 14. gxf3 O-O
15. h4 Nh5 16. O-O-O Ndf6 17. Rhg1 Qc7 18. d5 exd5 19. Nxd5 Nxd5 20. Rxd5 Nf6
21. Rdg5 g6 22. h5 Qxc4 23. Qxc4 Rxc4 24. hxg6 hxg6 25. Kb1 Nh7 26. R5g2 Bf6
27. Bb3 b5 28. Bxc4 bxc4 29. Bxf6 Nxf6 30. Rh2 Kg7 31. Kc2 Rc8 32. Rg5 Nd7 33.
f4 Kf6 34. f3 Nf8 35. Ra5 Rc7 36. Rd2 Ne6 37. Rd6 Ke7 38. Rda6 Nd4+ 39. Kd1 c3
40. Rxa7 c2+ 0-1

[Event "Bad Woerishofen op"]
[Site "?"]
[Date "2003.??.??"]
[Round "9"]
[White "Wiessner, Johann"]
[Black "Dittler, Volkfried"]
[Result "1-0"]
[WhiteElo "1586"]
[BlackElo "1500"]
[Annotator "ChessOrg"]
[PlyCount "43"]

1. d4 Nf6 2. c4 e6 3. g3 b6 4. Bg2 Nc6 5. Nf3 d5 6. Nc3 Bb4 7. O-O Bxc3 8. bxc3
Ne4 9. Qc2 Bb7 10. cxd5 exd5 11. Ba3 Ne7 12. Ne5 Nd6 13. e3 O-O 14. Rfe1 f6 15.
Nd3 Re8 16. Nf4 Nc4 17. Bxe7 Rxe7 18. Qf5 Nd6 19. Bxd5+ Kh8 20. Qh5 Bxd5 21.
Ng6+ Kg8 22. Nxe7+ 1-0

[Event "Bad Woerishofen op"]
[Site "?"]
[Date "2003.??.??"]
[Round "9"]
[White "Spenk, Willi"]
[Black "Weber, Ludwig"]
[Result "1-0"]
[WhiteElo "1570"]
[BlackElo "1460"]
[Annotator "ChessOrg"]
[PlyCount "121"]

1. e4 d6 2. d4 Nd7 3. f4 e6 4. Nf3 c6 5. Bd3 Ne7 6. O-O g6 7. c4 Bg7 8. Nc3 a6
9. a4 Qc7 10. Qc2 Nf8 11. Be3 Nd7 12. f5 e5 13. fxg6 hxg6 14. d5 c5 15. Qf2 Nf6
16. h3 Neg8 17. Qg3 Qe7 18. Nh2 Bd7 19. Rf2 Nh5 20. Qf3 g5 21. Raf1 Nf4 22.
Bxf4 gxf4 23. Qd1 Nf6 24. Be2 O-O-O 25. Bf3 Rdg8 26. Na2 Bh6 27. b4 Bg5 28. Kh1
Bh4 29. Rc2 Bxa4 30. bxc5 dxc5 31. Qb1 Bxc2 32. Qxc2 Kc7 33. Rd1 Qd6 34. Rb1
Ra8 35. Nc3 Rhb8 36. Ng4 Nd7 37. Be2 Bg5 38. Kg1 Bh4 39. Nh2 Bg3 40. Nf3 Rh8
41. Bf1 Rhb8 42. Qa2 Kd8 43. Qe2 Kc7 44. Ng5 Qg6 45. Nf3 Rh8 46. Qb2 Rhb8 47.
Bd3 Qd6 48. Qe2 f6 49. Qa2 Kd8 50. Qc2 Ke7 51. Ne2 Nb6 52. Nxg3 fxg3 53. Nh4
Kd7 54. Nf5 Qc7 55. Be2 Nc8 56. Qc3 a5 57. Qxg3 Nd6 58. Qg7+ Kc8 59. Nxd6+ Qxd6
60. Bg4+ Kd8 61. Rb6 1-0

[Event "Bad Woerishofen op"]
[Site "?"]
[Date "2003.??.??"]
[Round "9"]
[White "Hoennekes, Klaus"]
[Black "Ross, Matthias"]
[Result "1-0"]
[WhiteElo "2089"]
[BlackElo "1796"]
[Annotator "ChessOrg"]
[PlyCount "71"]

1. e4 c5 2. Nc3 Nc6 3. g3 Rb8 4. Bg2 b5 5. d3 d6 6. f4 b4 7. Nce2 e5 8. Nh3 Nf6
9. O-O Be7 10. Kh1 O-O 11. f5 d5 12. exd5 Nd4 13. g4 Bb7 14. Ng3 Bxd5 15. g5
Bxg2+ 16. Kxg2 Nd5 17. Ne4 Qc8 18. f6 Bd8 19. fxg7 Kxg7 20. Ng3 f5 21. gxf6+
Bxf6 22. Qh5 Kh8 23. Bh6 Nxc2 24. Rae1 Nxe1+ 25. Rxe1 Rg8 26. Rxe5 Qc6 27. Rxd5
Rbd8 28. Nf4 Bxb2 29. Kf1 c4 30. Rc5 Qf6 31. Rxc4 Rd4 32. Ne4 Qe7 33. Bg5 Rxg5
34. Nxg5 Rxc4 35. dxc4 Bf6 36. Nge6 1-0

[Event "Bad Woerishofen op"]
[Site "?"]
[Date "2003.??.??"]
[Round "9"]
[White "Werninghaus, Klaus-Peter"]
[Black "Breiter, Juergen"]
[Result "1-0"]
[WhiteElo "1504"]
[BlackElo "1308"]
[Annotator "ChessOrg"]
[PlyCount "51"]

1. c4 e5 2. Nc3 Nf6 3. g3 c6 4. Nf3 d6 5. Bg2 Be7 6. O-O O-O 7. d3 h6 8. a3 Be6
9. b4 Nbd7 10. Bb2 Rb8 11. Qc2 a6 12. Nd2 d5 13. c5 Re8 14. e4 d4 15. Ne2 Nf8
16. f4 Ng4 17. Rf3 exf4 18. Nxf4 Ne3 19. Qc1 Nxg2 20. Nxe6 Nxe6 21. Kxg2 Bg5
22. Qc2 Bxd2 23. Qxd2 Ng5 24. Rf4 Qd7 25. Rh4 Kh7 26. Qxg5 1-0

[Event "Bad Woerishofen op"]
[Site "?"]
[Date "2003.??.??"]
[Round "9"]
[White "Dornreiter, Michael"]
[Black "Klein, Thomas"]
[Result "1-0"]
[WhiteElo "1475"]
[BlackElo "1547"]
[Annotator "ChessOrg"]
[PlyCount "85"]

1. d4 Nf6 2. c4 e6 3. Nf3 b6 4. Bf4 Bb7 5. e3 d6 6. Bd3 c5 7. O-O Nbd7 8. Nc3
a6 9. Bc2 Be7 10. d5 e5 11. Bg5 h6 12. Bxf6 Nxf6 13. Ne4 Nh7 14. Ba4+ Kf8 15.
Ng3 g6 16. Bc2 Kg7 17. Qb1 Qg8 18. b4 Rb8 19. a4 Ng5 20. Nd2 h5 21. f4 exf4 22.
exf4 Nh7 23. f5 h4 24. Nge4 g5 25. f6+ Bxf6 26. Nxf6 Nxf6 27. Qb2 Rh6 28. Ne4
Qd8 29. Rf2 Qe7 30. Raf1 Qe5 31. Qxe5 dxe5 32. Rxf6 Rxf6 33. Rxf6 Bc8 34. b5 a5
35. Rf2 f5 36. Nxg5 Kf6 37. Ne4+ Ke7 38. d6+ Ke6 39. Ng5+ Kf6 40. Nf3 e4 41.
Nxh4 Be6 42. Nxf5 Bxf5 43. Bxe4 1-0

[Event "Bad Woerishofen op"]
[Site "?"]
[Date "2003.??.??"]
[Round "9"]
[White "Dittlow, Holger"]
[Black "Kuhn, Hans"]
[Result "1/2-1/2"]
[WhiteElo "1430"]
[BlackElo "1311"]
[Annotator "ChessOrg"]
[PlyCount "39"]

1. d4 d5 2. c4 e6 3. Nc3 Nf6 4. e3 b6 5. cxd5 exd5 6. Nf3 Be7 7. Bd3 Bg4 8. Be2
O-O 9. O-O Qd7 10. Ne5 Bxe2 11. Nxd7 Bxd1 12. Nxf8 Bg4 13. Nxh7 Kxh7 14. h3 Be6
15. Re1 Nbd7 16. e4 dxe4 17. Nxe4 Re8 18. Ng5+ Kg8 19. Nxe6 fxe6 20. Rxe6
1/2-1/2

[Event "Bad Woerishofen op"]
[Site "?"]
[Date "2003.??.??"]
[Round "9"]
[White "Lang, Ludwig"]
[Black "Schaumann, Rudolf"]
[Result "0-1"]
[WhiteElo "1101"]
[BlackElo "1283"]
[Annotator "ChessOrg"]
[PlyCount "84"]

1. e4 d6 2. d4 Nf6 3. Nc3 g6 4. Nf3 Bg7 5. Be2 O-O 6. O-O Nbd7 7. b3 e5 8. d5
Nc5 9. Nd2 Bh6 10. Bf3 Qe7 11. b4 Ncd7 12. Nb3 Bg7 13. Na4 Nxe4 14. Bxe4 f5 15.
Bd3 e4 16. Rb1 exd3 17. cxd3 f4 18. f3 Rf5 19. Bb2 Bxb2 20. Rxb2 Rxd5 21. Re1
Re5 22. Rbe2 b6 23. d4 Rxe2 24. Rxe2 Qd8 25. Qe1 Ba6 26. Re4 g5 27. Re7 Bc4 28.
Qe4 Bf7 29. Nc3 Nf6 30. Qe1 Kf8 31. Re2 Bc4 32. Rd2 Qd7 33. h4 Re8 34. Qf2 h6
35. hxg5 hxg5 36. d5 Re5 37. Qd4 Bxd5 38. Nxd5 Nxd5 39. a3 Qe6 40. Kf2 Qh6 41.
Re2 Qh4+ 42. Kf1 Ne3+ 0-1